| 000 | 01580nam a2200385 i 4500 | ||
|---|---|---|---|
| 001 | bg | ||
| 100 | 1 |
_aBalzac, Honoré de _d(1799-1850). |
|
| 245 | 1 | 0 |
_aStracone złudzenia / _cHonoré de Balzac ; przekł. Tadeusz Boy-Żeleński. |
| 246 | 1 |
_iTyt. oryg.: _aIllusions perdues |
|
| 246 | 1 |
_iTyt. oryg.: _aDeux poètes |
|
| 246 | 1 |
_iTyt. oryg.: _aGrand homme de province à Paris |
|
| 246 | 1 |
_iTyt. oryg.: _aSouffrances de l'inventeur |
|
| 260 |
_a[s.l.] : _bMediasat Group, _c2005. |
||
| 300 |
_a604, [3] s. ; _c21 cm. |
||
| 490 | 1 |
_aBiblioteka Gazety Wyborczej : XIX wiek ; _v7 |
|
| 500 | _aTyt. oryg.: "Illusions perdues. Les deux poètes ; Un grand homme de province à Paris ; Les souffrances de l'inventeur. | ||
| 500 | _aWyd. we współpr. merytorycznej z Zakładem Narodowym im. Ossolińskich - Wydawnictwo, Wrocław. | ||
| 505 | 0 | _aDwaj poeci ; Wielki człowiek z prowincji w Paryżu ; Cierpienia wynalazcy. | |
| 650 | 9 |
_aPowieść francuska _y19 w. |
|
| 700 | 1 |
_aŻeleński, Tadeusz _d(1874-1941). _eTł. |
|
| 700 | 1 | 2 |
_aBalzac, Honoré de _d(1799-1850). _tDwaj poeci |
| 700 | 1 | 2 |
_aBalzac, Honoré de _d(1799-1850). _tWielki człowiek z prowincji w Paryżu |
| 700 | 1 | 2 |
_aBalzac, Honoré de _d(1799-1850). _tCierpienia wynalazcy |
| 830 | 0 |
_aBiblioteka Gazety Wyborczej ; _v7 |
|
| 020 | _a8498191645 (całość) | ||
| 020 | _a8498191718 | ||
| 040 | _cBPK | ||
| 041 | 1 |
_apol _hfre |
|
| 044 | _aPOL | ||
| 080 | _a821.133.1-3 | ||
| 920 | _a84-9819-164-5 (całość) | ||
| 920 | _a84-9819-171-8 | ||
| 942 | _cKS | ||
| 008 | s pl f |000 0 pol | ||
| 999 |
_c55694 _d55694 |
||